000 00996cam a22002411 4500
001 e 32000119
003 DLC
005 20260227111222.0
008 790905s1931 nyu 000 0 eng c
010 _ae 32000119
035 _a(OCoLC)5343121
040 _aU.S. Office of Education Library
_cOCl
_dDLC
042 _apremarc
050 0 0 _aLC311
_b.M6
100 1 _aMorrison, J. Cayce
_q(John Cayce),
_d1886-
245 1 0 _aCharacter building in New York public schools;
_ban analysis of practices reported by teachers and supervisory officers for the school year, 1928-1929,
_cby J. Cayce Morrison, assistant commissioner for elementary education, assisted by Arthur E. Layman.
260 _a[Albany,
_bThe University of the state of New York press,
_c1931]
300 _a1 p. l., 3-96 p.
_c23 cm.
500 _aAt head of title: The University of the state of New York. The State education department.
650 0 _aMoral education.
650 0 _aCharacter.
700 1 _aLayman, Arthur E.
999 _c21184
_d21184